000 00448nam a2200181Ia 4500
001 24289
005 20260414151033.0
008 260414t2016||||xx |||||||||||||| ||spa||
041 _aESP
082 _a345.2
_bP42M
100 _aPeña Cabrera Freyre, Alonso Raúl
_eAUT
245 0 _aManual de derecho procesal penal
_b
260 _c2016
300 _a1079 páginas :
_c25 cm.
650 _aDER
654 _aCDE
942 _cLIB
_dJUS
_fJUS
_2ddc
_n
999 _c24289
_d24289